000 00374nam a2200145Ia 4500
005 20251222141940.0
008 251222s9999||||xx |||||||||||||| ||spa||
020 _a84-331-0518-3
082 _a375.001/R76
100 _aRodríguez Rico, Joaquinn
245 0 _aDesarrollo Curricular de Educación Física:
250 _a4a.ed.
264 _bEscuela Española
942 _cLIB
999 _c9331
_d9331